Every MLB Team's AAA Affiliate - Statistics

General Stats
  • This quiz has been taken 14 times
  • The average score is 12 of 30
Answer Stats
MLB Team Triple-A % Correct
Chicago Cubs Iowa Cubs
86%
Boston Red Sox Worcester Red Sox
71%
St. Louis Cardinals Memphis Redbirds
57%
Baltimore Orioles Norfolk Tides
57%
Washington Nationals Rochester Red Wings
57%
Detroit Tigers Toledo Mud Hens
57%
Colorado Rockies Albuquerque Isotopes
43%
Toronto Blue Jays Buffalo Bisons
43%
Chicago White Sox Charlotte Knights
43%
Cleveland Guardians Columbus Clippers
43%
Tampa Bay Rays Durham Bulls
43%
Miami Marlins Jacksonville Jumbo Shrimp
43%
Oakland Athletics Las Vegas Aviators
43%
Cincinnati Reds Louisville Bats
43%
Milwaukee Brewers Nashville Sounds
43%
New York Yankees Scranton/Wilkes-Barre RailRiders
43%
Minnesota Twins St. Paul Saints
43%
New York Mets Syracuse Mets
43%
Atlanta Braves Gwinnett Stripers
29%
Pittsburgh Pirates Indianapolis Indians
29%
Philadelphia Phillies Lehigh Valley Iron Pigs
29%
Los Angeles Dodgers Oklahoma City Baseball Club
29%
Kansas City Royals Omaha Storm Chasers
29%
San Francisco Giants Sacramento River Cats
29%
Los Angeles Angels Salt Lake Bees
29%
Houston Astros Sugar Land Space Cowboys
29%
Seattle Mariners Tacoma Rainiers
29%
San Diego Padres El Paso Chihuahuas
14%
Arizona Diamondbacks Reno Aces
14%
Texas Rangers Round Rock Express
14%
No matching quizzes found
Score Distribution
Percent of People with Each Score
Percentile by Number Answered
Your Score History
You have not taken this quiz